Liderler hapishanesi (Record no. 2748)

MARC details
000 -BAŞLIK
Sabit Uzunlukta Kontrol Alanı 00823na a2200265 4500
001 - KONTROL NUMARASI
Denetim Alanı 20298
003 - KONTROL NUMARASI IDENTIFIER
Denetim Alanı MIRAKIL
005 - SON İŞLEM TARİHİ VE ZAMANI
Denetim Alanı 20181213154908.0
008 - SABİT-BOY VERİ ELEMANLARI - GENEL BİLGİLER
Sabit Uzunlukta Kontrol Alanı 170117b tu 000 0
040 ## - KATALOGLAMA KAYNAK
Orijinal Kataloglama Ajansı Milas
Kataloglama Dili tur
Metne Dönüştürmek Ajansı TR-AnCHP
041 ## - DİL KODU
Metin / Ses Parça Veya Ayrı Başlığın Dil Kodu tur
082 ## - DEWEY ONLU SINIFLANDIRMA NUMARASI
Sınıflandırma Numarası 365.4509561
Ürün Numarası Ç24l 1986
090 ## - SINIFLAMA NUMARASI
Sınıflama Numarası 365.4509561 Ç24l 1986
100 ## - ANA GİRİŞ - KİŞİSEL İSİM
Kişisel Ad Çalışlar, Oral
245 ## - BAŞLIK TABLOSU
Başlık Liderler hapishanesi
Sorumluluk Tablosu, Vb Oral Çalışlar
260 ## - YAYIN, DAĞITIM, VB
Yayın, Dağıtım, Vb Yeri İstanbul
Yayıncı, Dağıtıcı, Vs Adı Kaynak Yayınları
Yayın, Dağıtım, Vb Tarihi 1986
300 ## - FİZİKSEL TANIM
Kapsam 256 s.
Boyutlar 20 sm.
490 ## - SERİSİ TABLOSU
Seri Beyanı Kaynak Yayınları
Hacim / Ardışık Tanımı 71
504 ## - KAYNAKÇA VB NOT
Kaynakça Vb Notu Kaynakça var.
600 ## - KONU KATMA GİRİŞ - KURUMSAL ADI
Kişisel Ad Türkeş, Alparslan
Bir Adıyla İlişkilendirilen Tarihler 1917-1997
Genel Alt Bölümü Cezaevi anıları
600 ## - KONU KATMA GİRİŞ - KURUMSAL ADI
Kişisel Ad Erbakan, Necmettin
Bir Adıyla İlişkilendirilen Tarihler 1926-2011
Genel Alt Bölümü Cezaevi anıları
600 ## - KONU KATMA GİRİŞ - KURUMSAL ADI
Kişisel Ad Ecevit, Bülent
Bir Adıyla İlişkilendirilen Tarihler 1925-2006
Genel Alt Bölümü Cezaevi anıları
650 ## - KONU KATMA GİRİŞ - TOPİKAL DÖNEM
Topikal Süreli Veya Coğrafi Ad Giriş Elemanı Siyasi suçlular
Genel Alt Bölümü Liderler
Coğrafi Alt Bölümü Türkiye
942 ## - EKLENDİ GİRİŞ ELEMANLARI (KOHA)
Sınıflandırma Veya Raf Düzeni Kaynak Dewey Decimal Classification
Koha Öğesi Türü Books
999 ## - SİSTEM KONTROL NUMARALARI (KOHA)
Koha Biblionumber 2748
Koha Biblioitemnumber 2748
Holdings
Kalıcı Konum Mevcut Konum Edinme Tarihi Edinim Kaynak Toplam Check-Out'Lar Tam Çağrı Numarası Barkod Tarih Son Görülme İtibaren Geçerli Fiyatlar Koha Öğesi Türü
CHP Kütüphanesi CHP Kütüphanesi 01/17/2017 Bağış   365.4509561 Ç24l 1986 010996 01/17/2017 01/17/2017 Books